Problemy finansowe reformy gospodarczej
Guardado en:
| Formato: | Libro |
|---|---|
| Lenguaje: | polaco |
| Publicado: |
Szczecin
Politechnika Szczecinska
1985
|
| Edición: | 1. wyd. |
| Colección: | Prace naukowe
Nr.288 |
| Etiquetas: |
Sin Etiquetas, Sea el primero en etiquetar este registro!
|
MARC
| LEADER | 00000nam a2200000 4500 | ||
|---|---|---|---|
| 001 | c027840 | ||
| 005 | 20221220080058.5 | ||
| 041 | 0 | |a pol | |
| 044 | |a PL | ||
| 245 | 1 | 0 | |a Problemy finansowe reformy gospodarczej |
| 250 | |a 1. wyd. | ||
| 264 | 1 | |a Szczecin |b Politechnika Szczecinska |c 1985 | |
| 300 | |a 188 s. | ||
| 490 | 1 | |a Prace naukowe |v Nr.288 | |
| 830 | 0 | |a Prace naukowe |v Nr.288 | |